<?xml version="1.0" encoding="UTF-8"?><?xml-stylesheet type="text/xsl" href="static/style.xsl"?><OAI-PMH xmlns="http://www.openarchives.org/OAI/2.0/" xmlns:xsi="http://www.w3.org/2001/XMLSchema-instance" xsi:schemaLocation="http://www.openarchives.org/OAI/2.0/ http://www.openarchives.org/OAI/2.0/OAI-PMH.xsd"><responseDate>2026-04-17T13:51:44Z</responseDate><request verb="GetRecord" identifier="oai:riubu.ubu.es:10259/4975" metadataPrefix="marc">https://riubu.ubu.es/oai/request</request><GetRecord><record><header><identifier>oai:riubu.ubu.es:10259/4975</identifier><datestamp>2024-07-16T11:38:11Z</datestamp><setSpec>com_10259_9397</setSpec><setSpec>com_10259_5087</setSpec><setSpec>com_10259_2728</setSpec><setSpec>col_10259_9398</setSpec></header><metadata><record xmlns="http://www.loc.gov/MARC21/slim" xmlns:doc="http://www.lyncode.com/xoai" xmlns:xsi="http://www.w3.org/2001/XMLSchema-instance" xmlns:dcterms="http://purl.org/dc/terms/" xsi:schemaLocation="http://www.loc.gov/MARC21/slim http://www.loc.gov/standards/marcxml/schema/MARC21slim.xsd">
<leader>00925njm 22002777a 4500</leader>
<datafield tag="042" ind1=" " ind2=" ">
<subfield code="a">dc</subfield>
</datafield>
<datafield tag="720" ind1=" " ind2=" ">
<subfield code="a">Santamaría Luis, Laura</subfield>
<subfield code="e">author</subfield>
</datafield>
<datafield tag="520" ind1=" " ind2=" ">
<subfield code="a">Dado que el azafrán es una de las especias más caras a nivel mundial, su adulteración se encuentra documentada desde la edad media. En este trabajo se ha abordado el estudio de la adulteración del azafrán eliminando previamente las crocinas mediante la hidrólisis ácida. En una primera etapa, se comprobó la efectividad de la hidrólisis ácida en la eliminación de las crocinas del extracto acuoso del azafrán y la no influencia del mismo en la señal espectral de los colorantes E-102, E-110, E-122 y E-124. Mediante un diseño central compuesto se optimizaron las condiciones de hidrólisis, considerando como factores experimentales el pH, la temperatura y el tiempo de tratamiento. Posteriormente, mediante análisis de componentes principales, se estudiaron muestras de azafrán hidrolizado y adulterado con pequeñas cantidades de los colorantes E-102, E110, E-122 y E-124, y extractos hidrolizados de un sazonador y de un preparado para paellas.</subfield>
</datafield>
<datafield tag="520" ind1=" " ind2=" ">
<subfield code="a">Since saffron is one the most expensive species in the world, its adulteration is documented as long as the Middle Ages. The study of adulteration of saffron is performed in this work by removing previously crocins by acid hydrolysis. Firstly, the efficiency of the acid hydrolysis on the precipitation of crocins in aqueous extracts of saffron is verified, together with the no influence on the spectral signal of colours E-102, E-110, E-122 and E-124. The hydrolysis conditions are optimised by means of a central composite design; pH, temperature and time of treatment are taken as experimental factors. Next, hydrolysed and adulterated (with small quantities of E-102, E110, E-122 and E-124) saffron extract samples, and hydrolysed extract of seasoning and paella powder (spice blend) samples, are studied using principal component analysis</subfield>
</datafield>
<datafield tag="024" ind2=" " ind1="8">
<subfield code="a">http://hdl.handle.net/10259/4975</subfield>
</datafield>
<datafield ind1=" " ind2=" " tag="653">
<subfield code="a">azafrán</subfield>
</datafield>
<datafield ind1=" " ind2=" " tag="653">
<subfield code="a">adulteración</subfield>
</datafield>
<datafield ind1=" " ind2=" " tag="653">
<subfield code="a">colorantes artificiales</subfield>
</datafield>
<datafield ind1=" " ind2=" " tag="653">
<subfield code="a">espectrofotometría de absorción molecular UV-visible</subfield>
</datafield>
<datafield ind1=" " ind2=" " tag="653">
<subfield code="a">optimización</subfield>
</datafield>
<datafield ind1=" " ind2=" " tag="653">
<subfield code="a">Saffron</subfield>
</datafield>
<datafield ind1=" " ind2=" " tag="653">
<subfield code="a">adulteration</subfield>
</datafield>
<datafield ind1=" " ind2=" " tag="653">
<subfield code="a">artificial colours</subfield>
</datafield>
<datafield ind1=" " ind2=" " tag="653">
<subfield code="a">UV-Visible molecular absorption spectrophotometry</subfield>
</datafield>
<datafield ind1=" " ind2=" " tag="653">
<subfield code="a">optimization</subfield>
</datafield>
<datafield tag="245" ind1="0" ind2="0">
<subfield code="a">Optimización de la precipitación de crocetinas en azafrán: estudio de la adulteración con colorantes artificiales mediante espectrofotometría UV-VIS y técnicas multivariantes</subfield>
</datafield>
</record></metadata></record></GetRecord></OAI-PMH>